LEADER 01423cam0 2200325 450 001 000002277 005 20180910115603.0 100 $a20001212d1996----km-y0itay50------ba 101 0 $aita 102 $aIT 105 $aa-------001yy 200 1 $a<>imputazione delle mancate risposte nelle indagini con parte panel$eil caso dei redditi familiari della Banca d'Italia$fC. Quintano, R. Castellano, A.A. Romano 210 $a[Napoli]$cRocco Curto$d1996 215 $aX, 249 p.$ctab.$d24 cm 225 2 $aQuaderni di discussione$fIstituto di Statistica e Matematica, Facoltà di economia, Istituto Universitario Navale, Napoli$fdirettore responsabile Claudio Quintano$v10 410 0$12001$aQuaderni di discussione 500 10$a<>imputazione delle mancate risposte nelle indagini con parte panel$952784 610 1 $aInferenza statistica 610 1 $aFamiglie$aRedditi$aRilevazione$aMetodi statistici 676 $a519.54$v20$9Inferenza statistica 700 1$aQuintano,$bClaudio$0551040 701 1$aCastellano,$bRosalia$0101877 701 1$aRomano,$bAntonio Angelo$0313240 801 0$aIT$bUNIPARTHENOPE$gRICA$2UNIMARC 912 $a000002277 951 $a330.015/108$b32552$cNAVA4$d20001219 951 $a330.015/109$b32553$cNAVA4$d20001219 951 $aSSE-330/10$b32554$cNAVA1$d20001214 996 $aImputazione delle mancate risposte nelle indagini con parte panel$952784 997 $aUNIPARTHENOPE